Wszystkie utwory z serii: Zabójstwo Liryczne - Sentino - Statystyki

Ogólne statystyki
  • Ten quiz został rozwiązany 114 razy
  • Średni wynik to 50 z 127
Statystyki odpowiedzi
Płyta Tracklista Nazwa Kawałka feat. % Poprawnych
5 Wiecznie
79%
2 | 3 Zapytaj o Mnie Malik Montana
73%
5 | 6 Pistolet
65%
7 Nie Płacz Za Mną Malik Montana
64%
20 Tabu Diox
64%
ZL 2.0 (Digital Edition) 1 Biznesmenel Kaz Bałagane
62%
9 Parę Kulek Malik Montana
62%
10 Vitalyi
62%
4 Skąd Ty To Znasz Diho
61%
5 Ta Droga Diho, Kaz Bałagane
59%
ZL 3.0 | ZL 3.0 (Digital Edition) 1 Tatuażyk
59%
7 | 8 Oni albo Ja Diho
58%
16 #squad Kaz Bałagane
58%
5 Helikopter nad Blokiem
56%
2 Amfetamina
55%
8 Liczę Ten Hajs Diho
55%
17 Zabójstwo Liryczne Diho
55%
15 Brak słów Bedoes
50%
3 Zabij się Diho, Koldi
48%
2 | 3 Czarna Chmura
47%
6 | 7 Legenda
47%
9 Pierdolony Biznes Fotoz Muz
47%
19 Karl Lagerfeld
45%
6 Kolekcja setek Masek
44%
12 Mickey Rourke Diho
44%
16 Onassis
44%
8 Parę Klocków
44%
14 Pido a Dios
44%
11 R.I.P.
44%
7 Chciała być ze mną
42%
13 Kraina Czarów
42%
10 Scarface
42%
6 Swój Sen Diho
42%
3 Taki Lajf
42%
8 | 10 Fame
41%
4 Narcotic
41%
18 Nic nie Mów
41%
20 Nie mam Czasu
41%
15 Państwo w Państwie
41%
11 Tempo Diho
41%
ZL 1 1 Czas Zemsty
39%
15 Knife 2 A Gun Fight Diho, Braddu
39%
4 Mam Talent Diho
39%
7 | 14 Oni albo ja 2
39%
13 Dzieci Wojny
38%
9 Gomorra Diho
38%
5 | 11 Il Duce
38%
11 Nieodebrane Diho
36%
2 | 3 El Dorado Diho, Martyna Nocek
35%
5 | 7 Jeszcze Raz Diho
35%
2 Moja Bitch
35%
6 Ten Świat
35%
11 | 14 Barsy
33%
3 Marlboro i 808
33%
14 Alfa i Romeo Lui
32%
4 Przy Bogu
32%
12 Walczę z Diabłem
32%
19 | 21 Hajs Za Gram
30%
4 | 6 Karl Lagerfeld 2
30%
7 Śmierć Wrogom
30%
ZL Epilog EP 1 Duch Mojej Ekstazy
29%
10 Pistolet (Acoustic)
29%
17 Białe Rękawiczki Diho
27%
18 Duc de Pologne
27%
ZL 2.0 (Limited Edition) 1 Dzień i Noc
27%
12 | 15 Polska Miłość
27%
ZL 0 (Digital Edition) | ZL 0 - Duc de Pologne 1 Zero Emocji
27%
2 Big Money
26%
9 Dalej liczę ten hajs
26%
8 | 12 Gdzieś Indziej
26%
9 | 13 Las Vegas, Las Palmas, Las Kabacki
26%
3 | 5 Nic nie mów 2
26%
19 Piszę Historie (Stara Bajka) Diho
26%
9 RIO (Remix)
26%
8 Tetris
26%
13 | 16 Dziki Wschód
24%
14 | 21 Jack Daniels
24%
6 | 8 La Familia
23%
18 Samotny Wilk Diho
23%
10 Tabu - Remix Diox
23%
17 WWA
23%
16 Warszawa Bije w sercu
20%
20 Daj mi pożyć
18%
12 Nowe Bloki 2 Mosad
18%
10 Pistolet Rough
18%
11 Skąd ty to znasz 2 Diho
18%
13 Il Duce 2
17%
2 Wawa Rządzi
17%
4 Mon Fils Diho
14%
Nie znaleziono quizów pasujących do podanych kryteriów
Rozkład punktacji
Procent ludzi z każdym wynikiem
Percentyl według liczby udzielonych odpowiedzi
Twoja historia wyników
Nie rozwiązałeś tego quizu